000 00760nam a2200241Ia 4500
003 OSt
005 20220918222452.0
006 a|||||r|||| 00| 0
007 ta
008 220917b |||||||| |||| 00| 0 eng d
024 _a216,994
037 _cTextual
040 _aARTS
_cARTS
_beng
041 _2eng
_aeng
082 _aQ43:412, N9
100 _aEvans-Wentz W Y Ed.
_9143243
245 0 _aTibetan yoga and secret doctrines
_b or seven books of wisdom of the great path, according to the late Lama Kazi Dawa-Samdup's english rendering
260 _aDelhi
_bPilgrims book pvt. Ltd.
_c1999
300 _axxiv, 389p
_ccm.
500 _aRep. of 1935
942 _hQ43:412, N9
_cTEXL
_2CC
999 _c275619
_d275619